00431nam a2200145Ia 4500008004100000100001800041245007000059245001800129260005900147260000900206300001100215650001800226650001500244856002600259170221s9999 xx 000 0 und d aFunda Erzurum aRepresentation of Women in Turkish Television’s Primetime News  cFunda Erzurum bOnline Journal of Communication and Media Technologies c2013 a33 : 8 xCommunication xMedia Arts uhttp://www.ojcmt.net/